| 000 | 01715nam0a22004091i 4500 | ||
|---|---|---|---|
| 001 | RU\NLR\BIBL_A\010845819 | ||
| 005 | 20260406101028.0 | ||
| 010 |
_a9785699775781 _bЭксмо |
||
| 010 |
_a978-5-94824-256-9 _bУмма _98000 |
||
| 021 |
_aRU _b2015-59857 _93541 |
||
| 035 | _a(NILC)RuMoRGB-007994240 | ||
| 035 | _a(NLR Aleph) 010845819 | ||
| 090 |
_a10350455 _c10350455 |
||
| 100 | _a20150922d2015 u y0rusy50 ca | ||
| 101 | 1 |
_arus _aara _cara |
|
| 102 | _aRU | ||
| 105 | _ay|||z|||000yy | ||
| 200 | 1 |
_aВабиль _eблагодатный дождь благих слов _fИмам Ибн аль-Джаузийя _g[пер. с араб. Карима (Екатерина) Сорокоумова _gканон. ред. Хизир Гуно] |
|
| 210 |
_aМосква _cЭксмо _cУмма _d2015 _h2015 |
||
| 215 |
_a431 с. _d22 |
||
| 225 | 1 | _aМудрость ислама | |
| 300 | _aТит. л. также на араб. яз. | ||
| 300 | _aНа обл. подзаг.: благодатный дождь | ||
| 300 | _aЧасть текста на араб. яз. | ||
| 320 | _aБиблиогр. в подстроч. примеч. | ||
| 333 | _a0+ | ||
| 606 | 1 |
_aБогословие мусульманское _91077808 _3RU\NLR\AUTH\66102067 |
|
| 686 | 1 | _aЭ37-4 | |
| 700 | 0 |
_7ca _8rus _aИбн Кайим Аль-Джаузия _f1292-1350 _929561 _3RU\NLR\AUTH\7746626 |
|
| 702 | 1 |
_4730 _7ca _8rus _aСорокоумова _bЕ. М. _gЕкатерина М. _961499 _3RU\NLR\AUTH\7778571 |
|
| 801 | 0 |
_aRU _bРГБ _c20150810 _gRCR |
|
| 852 |
_aNLR _bОЛСАА-cл-спр _j3-5649 |
||
| 942 | _cBOOK | ||
| 980 | _aNBR | ||